00551nam a2200169Ia 450000500170000000800410001708200130005810000200007124500780009126000370016930000120020665000240021870000200024294200060026295200980026899900150036620240604062047.0240331s9999 xx 000 0 und d bANEa362 aSeneviratne, M. 3aAn evil under the sun :bthe sexual exploitation of children in Sri Lanka aMt.LaviniabPEACE Campaignc1995 a147 p., aSexual Expliotation aSeneviratne, M. cL 001040708LaWERCLbWERCLcSSCd2024-03-31l0o 362.76 ANEp4682r2024-03-31w2024-03-31yL c2883d2883